History Quiz

Random History or Country Quiz

UN Secretaries-General Quiz Stats

 Plays Quiz Updated Feb 24, 2020

     
Support Sporcle.
Go Orange.
Score 0/9 Timer 03:00
3 Plays Today
Served Secretary-General % Correct
1997-2006Kofi A. Annan
83.9%
2007-2016Ban Ki-Moon
78.7%
1992-1996Boutros Boutros-Ghali
62.3%
1961-1971U Thant
50.2%
2016-presentAntónio Guterres
39%
1972-1981Kurt Waldheim
38.1%
1953-1961Dag Hammarskjöld
38%
1946-1952Trygve Lie
28.5%
1982-1991Javier Perez de Cuellar
26%

From the Vault

Presidential ABC Blitz

by chriskotx

History 90s
Never take a good quiz score for Grant-ed.
Remove Ads.
Support Sporcle.
Get the best of Sporcle when you Go Orange. This ad-free experience offers more features, more stats, and more fun while also helping to support Sporcle. Thank you for becoming a member.

Show Comments

Extras

Top Quizzes Today


Score Distribution

Your Account Isn't Verified!

In order to create a playlist on Sporcle, you need to verify the email address you used during registration. Go to your Sporcle Settings to finish the process.

Report this User

Report this user for behavior that violates our Community Guidelines.

Details: